000 00712cam a2200205 i 4500
005 20260422114201.0
008 250721s2021 jo gr 000 0 ara d
020 _a9789957917555
082 1 4 _a415.2
_bم ص ل
100 1 _aمصلح، خالد حسين
_eمؤلف.
245 1 0 _aفي علم الصرف اللغوي لجميع المراحل التعليمية /
_cخالد حسين مصلح.
250 _aالطبعة الأولى.
264 3 1 _aعمان :
_bدار وائل للنشر،
_c2021.
300 _a190 صفحة.
650 1 7 _aاللغة العربية.
650 1 7 _aقواعد اللغة.
650 1 7 _aعلم الصرف.
942 _2ddc
_cBK
999 _c142000
_d142000